00605nam a2200145Ia 4500008004100000024005200041082001900093100007400112245006100186260002500247600002700272650003300299952011000332999001700442250506s9999 xx 000 0 und d a12B-47-EL, 12B-59-EL, 12B-67-EL & 12B-73-EL a629.895072 HAS aHassan Fazal, Usman Ali Qasmi, Mirza Maaz Baig & Muhammad Wajahat Ali 0aEmbroidery Technique Using Programmable Logic Controller aKarachi:bUIT,c2012 aElectrical Engineering aBachelor of Engineering (BE) 001040708PR-EEaUITUbUITUd2022-07-26l0o629.895072 HASpEE-381r2025-05-06 11:34:21w2025-05-06yPR c28305d28305